Catálogo
 En Linea

El diablo cojuelo : reinar después de morir. (Registro nro. 43130)

Detalles MARC
000 -CABECERA
campo de control de longitud fija 00320nam a2200109 a 4500
005 - FECHA Y HORA DE LA ÚLTIMA TRANSACCIÓN
campo de control 20201002044908.0
008 - DATOS DE LONGITUD FIJA--INFORMACIÓN GENERAL
campo de control de longitud fija 140401s1970 000 spa d
040 ## - FUENTE DE LA CATALOGACIÓN
Centro catalogador/agencia de origen DO-SdBNP
100 ## - ENTRADA PRINCIPAL--NOMBRE DE PERSONA
Nombre de persona Vélez de Guevara, Luis
9 (RLIN) 71475
245 #3 - MENCIÓN DE TÍTULO
Título El diablo cojuelo : reinar después de morir.
260 ## - PUBLICACIÓN, DISTRIBUCIÓN, ETC.
Lugar de publicación, distribución, etc. Madrid -- Libra,
Fecha de publicación, distribución, etc. 1970 -- 188 p.

No hay ítems disponibles.

Con tecnología Koha